|
|
|
|
| LEADER |
00000nam a2200000 i 4500 |
| 001 |
publ790 |
| 005 |
20200123121812.0 |
| 008 |
200123s2015 hu ot 000 zxx d |
| 040 |
|
|
|a BGE Publikációtár Repozitórium
|b hun
|
| 100 |
1 |
|
|a Makó Csaba
|
| 245 |
1 |
0 |
|a Comparative Report on Family Businesses’ Succession
|c Makó Csaba
|h [elektronikus dokumentum]
|
| 260 |
|
|
|a Budapesti Gazdasági Egyetem
|b Budapest
|c 2015
|
| 300 |
|
|
|a 95
|
| 650 |
|
4 |
|a gazdálkodás- és szervezéstudományok
|
| 650 |
|
4 |
|a közgazdaságtudományok
|
| 695 |
|
|
|a Family Business
|
| 695 |
|
|
|a Succession
|
| 700 |
1 |
|
|a Csizmadia Péter
|e aut
|
| 700 |
1 |
|
|a Heidrich Balázs
|e aut
|
| 700 |
1 |
|
|a Csákné Filep Judit
|e aut
|
| 856 |
4 |
0 |
|u https://publikaciotar.uni-bge.hu/id/eprint/790/1/INSIST_IO1_Comparative%20Report.pdf
|z Dokumentum-elérés
|